| 000 | 01179cam a2200301 i 4500 | ||
|---|---|---|---|
| 999 |
_c160192 _d10207 |
||
| 001 | 160192 | ||
| 003 | TR-AnTOB | ||
| 005 | 20230811150755.0 | ||
| 007 | ta | ||
| 008 | 071010s2003 tu bd r 000 0 tur | ||
| 040 |
_aTR-AnTOB _beng _erda _cTR-AnTOB |
||
| 041 | 0 | _atur | |
| 050 | 1 |
_aHD2056.7 _b.Y69 2003 |
|
| 090 |
_aHD2056.7 _b.Y69 2003 |
||
| 245 | 0 | 0 |
_aYozgat tarım master planı : _bİl tarım ve kırsal kalkınma master planlarının hazırlanmasına destek projesi / _cT. C. Tarım ve Köyişleri Bakanlığı Araştırma Planlama ve Koordinasyon Kurulu Başkanlığı Yozgat Tarım İl Müdürlüğü Yozgat Tarımsal Master Plan Hazırlama Ekibi Mutlu Büyükyılmaz [and others]. |
| 264 | 1 |
_a[Yozgat]: _bTarım ve Köy İşleri Bakanlığı Yozgat Tarım İl Müdürlüğü, _c2003. |
|
| 300 |
_a95 pages :: _bmaps, tables ; _c29 cm |
||
| 336 |
_2rdacontent _atext _btxt |
||
| 337 |
_2rdamedia _aunmediated _bn |
||
| 338 |
_2rdacarrier _avolume _bnc |
||
| 650 | 0 |
_aTarım ve devlet _zTürkiye _zYozgat _966328 |
|
| 700 | 1 |
_aBüyükyılmaz, Mutlu _966325 |
|
| 901 | _aT000383 | ||
| 902 | _aMÇ | ||
| 942 |
_cBK _2lcc |
||